| 000 | 00531 a2200181 4500 | ||
|---|---|---|---|
| 001 | 131319 | ||
| 003 | OSt | ||
| 005 | 20210910165836.0 | ||
| 008 | |||
| 082 |
_a650.01513 _bO4E |
||
| 100 | 1 | _aOakshott, Les | |
| 245 | 1 |
_aEssential quantitative methods _cby Les Oakshott |
|
| 260 |
_aNew york _bPalgrave macmillan _c2009 |
||
| 300 | _a510p. | ||
| 490 | _vBusiness mathematics; Finance--Mathematical models; Industrial management--Mathematical models | ||
| 690 | _aManagement; | ||
| 942 |
_2ddc _cBK |
||
| 999 |
_c5839 _d5839 |
||